[Event "Paracin-ch"]
[Site "Paracin"]
[Date "2017.02.03"]
[Round "5"]
[White "Madic, Zivko"]
[Black "Nikolic, Zoran M1111"]
[Result "0-1"]
[WhiteElo "1995"]
[BlackElo "2122"]
[PlyCount "82"]
[EventDate "2017.01.31"]
[EventType "swiss"]
[EventRounds "9"]
[EventCountry "SRB"]
[SourceTitle "CBM 176 Extra"]
[Source "ChessBase"]
[SourceDate "2017.03.02"]
[SourceVersion "1"]
[SourceVersionDate "2017.03.02"]
[SourceQuality "1"]

1. d4 e6 2. Nf3 c5 3. e3 Nf6 4. Nbd2 b6 5. Bd3 Bb7 6. 0-0 Be7 7. b3 cxd4 8. exd4 Nc6 9. Re1 0-0 10. Bb2 Re8 11. a3 Rc8 12. Ne5 Qc7 13. Re3 g6 14. c4 d5 15. Rc1 dxc4 16. bxc4 Nxe5 17. dxe5 Nd7 18. Qg4 Nf8 19. Ne4 Bxe4 20. Bxe4 h5 21. Qf3 Bg5 22. Rc2 Bxe3 23. fxe3 Qe7 24. a4 Rc7 25. Bc6 Rd8 26. Bd4 Qb4 27. Rc1 Rdc8 28. Bb5 Rxc4 29. Rxc4 Rxc4 30. Bxc4 Qxc4 31. Qd1 Qd5 32. Qc2 Nd7 33. Qc3 Nc5 34. a5 Ne4 35. Qc8+ Kg7 36. axb6 axb6 37. Qc2 b5 38. Qd3 b4 39. Qc2 b3 40. Qd3 b2 41. Qb1 Qb3 0-1

[Event "Paracin-ch"]
[Site "Paracin"]
[Date "2017.02.02"]
[Round "3"]
[White "Madic, Zivko"]
[Black "Rajic, Milovan"]
[Result "1-0"]
[WhiteElo "1995"]
[BlackElo "1749"]
[PlyCount "95"]
[EventDate "2017.01.31"]
[EventType "swiss"]
[EventRounds "9"]
[EventCountry "SRB"]
[SourceTitle "CBM 176 Extra"]
[Source "ChessBase"]
[SourceDate "2017.03.02"]
[SourceVersion "1"]
[SourceVersionDate "2017.03.02"]
[SourceQuality "1"]

1. d4 d5 2. c4 c6 3. Nf3 Nf6 4. Qc2 g6 5. e3 Bg7 6. Bd3 0-0 7. 0-0 Bg4 8. Nbd2 b6 9. Ne5 Bc8 10. b3 Bb7 11. Ba3 a6 12. Rac1 Re8 13. Rfd1 Ra7 14. Bb2 Ba8 15. e4 e6 16. h3 Ree7 17. b4 Rec7 18. Qb3 Bf8 19. a3 b5 20. c5 Bg7 21. Nef3 dxe4 22. Nxe4 Nxe4 23. Bxe4 Nd7 24. Bc3 Nf6 25. Bd3 Bh6 26. Ra1 Bb7 27. a4 Bc8 28. Bf1 Nd5 29. Be1 Qf6 30. Ra3 Bd7 31. Rda1 Qe7 32. axb5 cxb5 33. Rxa6 Be8 34. Qa3 Rab7 35. Ra8 Kg7 36. Qa5 f6 37. Bd2 Bxd2 38. Nxd2 f5 39. Nf3 Nc3 40. Qa3 Na4 41. Qe3 h6 42. Rxe8 Qxe8 43. d5 e5 44. d6 Rf7 45. Qxe5+ Qxe5 46. Nxe5 Rf8 47. c6 Rb6 48. Rc1 1-0

[Event "Paracin-ch"]
[Site "Paracin"]
[Date "2016.01.23"]
[Round "6"]
[White "Madic, Zivko"]
[Black "Cvetanovic, Uros"]
[Result "0-1"]
[WhiteElo "1983"]
[BlackElo "2273"]
[PlyCount "64"]
[EventDate "2016.01.19"]
[EventType "swiss"]
[EventRounds "9"]
[EventCountry "SRB"]
[SourceTitle "CBM 170 Extra"]
[Source "ChessBase"]
[SourceDate "2016.02.25"]
[SourceVersion "1"]
[SourceVersionDate "2016.02.25"]
[SourceQuality "1"]

1. d4 Nf6 2. Nf3 b6 3. Bf4 Bb7 4. e3 g6 5. Be2 Bg7 6. h3 0-0 7. 0-0 d6 8. Nbd2 Nbd7 9. Bh2 e6 10. Re1 Qe7 11. c3 Rfd8 12. Qb3 e5 13. dxe5 dxe5 14. Red1 Nc5 15. Qa3 Nfd7 16. Nb3 a5 17. Rd2 Qe6 18. Nxc5 Nxc5 19. Rad1 Rxd2 20. Rxd2 Bf8 21. Rd1 f6 22. b3 Nd3 23. Qa4 Nb2 24. Bc4 Qxc4 25. Qxc4+ Nxc4 26. bxc4 Ba6 27. Rd7 Bxc4 28. Nd2 Bxa2 29. f4 a4 30. fxe5 Be6 31. Rxc7 a3 32. c4 a2 0-1

[Event "Paracin-ch"]
[Site "Paracin"]
[Date "2016.01.21"]
[Round "4"]
[White "Madic, Zivko"]
[Black "Rajic, Milovan"]
[Result "1/2-1/2"]
[WhiteElo "1983"]
[BlackElo "1715"]
[PlyCount "42"]
[EventDate "2016.01.19"]
[EventType "swiss"]
[EventRounds "9"]
[EventCountry "SRB"]
[SourceTitle "CBM 170 Extra"]
[Source "ChessBase"]
[SourceDate "2016.02.25"]
[SourceVersion "1"]
[SourceVersionDate "2016.02.25"]
[SourceQuality "1"]

1. d4 d5 2. c4 c6 3. Nc3 Nf6 4. cxd5 cxd5 5. Bf4 a6 6. e3 e6 7. Nf3 Nc6 8. Be2 Be7 9. 0-0 0-0 10. Rc1 Nh5 11. Ne5 Nxf4 12. exf4 f6 13. Nxc6 bxc6 14. Na4 Bd7 15. Nc5 a5 16. Bd3 g6 17. Re1 Kf7 18. a3 Bxc5 19. Rxc5 Qb6 20. Qc1 f5 21. Re2 Rfb8 1/2-1/2

[Event "SRB Central-ch op-B 8th"]
[Site "Paracin"]
[Date "2015.07.06"]
[Round "4"]
[White "Madic, Zivko"]
[Black "Radovanovic, Miroljub B"]
[Result "1-0"]
[WhiteElo "2036"]
[BlackElo "1971"]
[PlyCount "71"]
[EventDate "2015.07.03"]
[EventType "swiss"]
[EventRounds "9"]
[EventCountry "SRB"]
[SourceTitle "CBM 167 Extra"]
[Source "ChessBase"]
[SourceDate "2015.09.14"]
[SourceVersion "1"]
[SourceVersionDate "2015.09.14"]
[SourceQuality "1"]

1. d4 d5 2. c4 c6 3. cxd5 cxd5 4. Bf4 Nc6 5. e3 e6 6. Nc3 a6 7. Nf3 Nf6 8. Be2 Be7 9. 0-0 0-0 10. Rc1 Nh5 11. Ne5 Nxf4 12. exf4 Na5 13. Na4 f6 14. Nd3 b6 15. Bf3 Nc4 16. Re1 f5 17. b3 Nd6 18. Ne5 Bb7 19. Nc6 Bxc6 20. Rxc6 Qd7 21. Rxb6 Ne4 22. Be2 Bd6 23. f3 Nf6 24. Bxa6 Rfe8 25. Bb5 Qc7 26. Bxe8 Rxe8 27. Qc1 Qxc1 28. Rxc1 Bxf4 29. Re1 Kf7 30. Rb7+ Kg6 31. Nc5 Bd2 32. Re2 Bc3 33. Nxe6 Kh6 34. Kf1 g5 35. Rc7 Bb4 36. Rc6 1-0

[Event "Jagodina op 7th"]
[Site "Jagodina"]
[Date "2014.03.09"]
[Round "4"]
[White "Madic, Zivko"]
[Black "Ivic, Matija"]
[Result "0-1"]
[WhiteElo "2067"]
[BlackElo "1930"]
[PlyCount "72"]
[EventDate "2014.03.07"]
[EventType "swiss"]
[EventRounds "9"]
[EventCountry "SRB"]
[SourceTitle "CBM 159 Extra"]
[Source "ChessBase"]
[SourceDate "2014.04.24"]
[SourceVersion "1"]
[SourceVersionDate "2014.04.24"]
[SourceQuality "1"]

1. d4 Nf6 2. Nf3 g6 3. g3 Bg7 4. Bg2 0-0 5. 0-0 d6 6. c4 c5 7. d5 b5 8. cxb5 a6 9. Nc3 axb5 10. Nxb5 Ba6 11. Nc3 Nbd7 12. h3 Nb6 13. Re1 Nfd7 14. Qc2 Nc4 15. Rb1 Qa5 16. Nd2 Na3 17. bxa3 Qxc3 18. Qxc3 Bxc3 19. Rb3 Ba5 20. Re3 Ne5 21. Rd1 c4 22. Bb2 Bb6 23. Re4 f5 24. Rxe5 dxe5 25. Bxe5 Ra7 26. Nf3 Bc5 27. Ng5 Bd6 28. Bd4 Rb7 29. Bc3 Rfb8 30. Kh2 Rb1 31. Rd2 Rc1 32. Bb2 Rxb2 33. Rxb2 c3 34. Rb6 Bb5 35. Rxb5 c2 36. Ne6 Rb1 0-1

[Event "Jagodina op 7th"]
[Site "Jagodina"]
[Date "2014.03.07"]
[Round "1"]
[White "Pantic, Radosav"]
[Black "Madic, Zivko"]
[Result "0-1"]
[WhiteElo "1763"]
[BlackElo "2067"]
[PlyCount "60"]
[EventDate "2014.03.07"]
[EventType "swiss"]
[EventRounds "9"]
[EventCountry "SRB"]
[SourceTitle "CBM 159 Extra"]
[Source "ChessBase"]
[SourceDate "2014.04.24"]
[SourceVersion "1"]
[SourceVersionDate "2014.04.24"]
[SourceQuality "1"]

1. d4 Nf6 2. c4 g6 3. Nc3 Bg7 4. e4 d6 5. Be2 0-0 6. Nf3 e5 7. 0-0 Nc6 8. d5 Ne7 9. Re1 Nd7 10. Be3 f5 11. Ng5 Nf6 12. f3 Bh6 13. h4 Kh8 14. b4 Neg8 15. c5 Nh5 16. cxd6 cxd6 17. Rc1 f4 18. Bf2 Bxg5 19. hxg5 Qxg5 20. Bf1 Ng3 21. Ne2 Qh4 22. Bxg3 fxg3 23. Nxg3 Qxg3 24. Rc3 Bd7 25. Qd2 Nf6 26. Rec1 Kg7 27. Rc7 Rab8 28. Qe3 Ng4 29. Rxd7+ Kg8 30. Qh6 Nxh6 0-1

[Event "Paracin-ch"]
[Site "Paracin"]
[Date "2014.01.12"]
[Round "5"]
[White "Madic, Zivko"]
[Black "Petrovic, Petar R"]
[Result "1-0"]
[WhiteElo "2076"]
[BlackElo "1744"]
[PlyCount "129"]
[EventDate "2014.01.10"]
[EventType "swiss"]
[EventRounds "9"]
[EventCountry "SRB"]
[SourceTitle "CBM 158 Extra"]
[Source "ChessBase"]
[SourceDate "2014.02.28"]
[SourceVersion "1"]
[SourceVersionDate "2014.02.28"]
[SourceQuality "1"]

1. d4 d5 2. c4 e6 3. Nc3 Nf6 4. cxd5 exd5 5. Bg5 Be7 6. Qc2 Be6 7. e3 Nbd7 8. Bd3 h6 9. Bh4 c5 10. dxc5 Bxc5 11. Nf3 Rc8 12. 0-0 0-0 13. Rfd1 Qb6 14. Na4 Qa5 15. Nxc5 Rxc5 16. Qe2 Rfc8 17. Nd4 Qb6 18. Nb3 R5c6 19. Nd4 Rc5 20. f3 Re8 21. Qd2 Qd8 22. Rac1 Rxc1 23. Rxc1 Ne5 24. Bb5 Bd7 25. Bf1 Nc6 26. Nxc6 Bxc6 27. Qd4 g5 28. Be1 Qb6 29. Bc3 Qxd4 30. Bxd4 Nd7 31. a3 Re6 32. Bxa7 b6 33. Kf2 Kf8 34. b4 Ke7 35. b5 Ba8 36. Rc8 Bb7 37. Rh8 Rd6 38. Bb8 Re6 39. Bc7 Nf8 40. g3 f5 41. f4 Kf7 42. Be5 Rxe5 43. fxe5 Kg7 44. Rxf8 Kxf8 45. Ke2 Ke7 46. Kd3 Ke6 47. Kd4 Ke7 48. h3 Ke6 49. Be2 Bc8 50. Bh5 Ke7 51. Kxd5 Bb7+ 52. Kd4 Bc8 53. h4 Be6 54. Bf3 Bb3 55. Bd5 Ba4 56. Bc4 Bc2 57. Bd5 Kd7 58. Kc4 Bd1 59. Kb4 g4 60. a4 Bf3 61. Bc4 Kc7 62. Be6 Be4 63. a5 bxa5+ 64. Kxa5 Bb7 65. Bxf5 1-0

[Event "SRB-chT2 East"]
[Site "Zajecar"]
[Date "2013.10.12"]
[Round "5.42"]
[White "Madic, Zivko"]
[Black "Madic, Zivko"]
[Result "1/2-1/2"]
[WhiteElo "2087"]
[BlackElo "2087"]
[PlyCount "81"]
[EventDate "2013.10.10"]
[EventType "team-swiss"]
[EventRounds "8"]
[EventCountry "SRB"]
[SourceTitle "EXT 2015"]
[Source "ChessBase"]
[SourceDate "2014.11.20"]
[SourceVersion "1"]
[SourceVersionDate "2014.11.20"]
[SourceQuality "1"]

1. d4 Nf6 2. c4 e6 3. Nc3 Bb4 4. e3 0-0 5. Nge2 c6 6. a3 Ba5 7. b4 Bc7 8. Ng3 d5 9. cxd5 exd5 10. Be2 Re8 11. Qc2 Nbd7 12. 0-0 h5 13. f4 g6 14. Nh1 Nb6 15. Nf2 Nc4 16. Bxc4 dxc4 17. b5 Nd5 18. Nxd5 Qxd5 19. bxc6 b5 20. e4 Qxd4 21. Bb2 Qe3 22. Rae1 Qxf4 23. g3 Qg5 24. e5 Bf5 25. Ne4 Bxe4 26. Rxe4 Re6 27. Qc3 Rd8 28. Qf3 Qe7 29. Rf4 Rf8 30. a4 Bxe5 31. Bxe5 Rxe5 32. axb5 Rxb5 33. Rxc4 Rf5 34. Qc3 Rxf1+ 35. Kxf1 Rd8 36. c7 Rc8 37. Rc6 Qd7 38. Qc5 Qd1+ 39. Kg2 Qd2+ 40. Kh3 Qd7+ 41. Kg2 1/2-1/2

[Event "Jagodina op 6th"]
[Site "Jagodina"]
[Date "2013.03.11"]
[Round "4"]
[White "Madic, Zivko"]
[Black "Ivic, Matija"]
[Result "1/2-1/2"]
[WhiteElo "2083"]
[BlackElo "1908"]
[PlyCount "87"]
[EventDate "2013.03.09"]
[EventType "swiss"]
[EventRounds "9"]
[EventCountry "SRB"]
[SourceTitle "CBM 153 Extra"]
[Source "ChessBase"]
[SourceDate "2013.04.22"]
[SourceVersion "1"]
[SourceVersionDate "2013.04.22"]
[SourceQuality "1"]

1. d4 Nf6 2. Nf3 g6 3. Bf4 Bg7 4. h3 0-0 5. e3 c5 6. c3 d6 7. Be2 Qc7 8. Nbd2 b6 9. 0-0 Bb7 10. Re1 Nbd7 11. Bf1 Rfe8 12. e4 e5 13. Bh2 exd4 14. cxd4 Nxe4 15. Nxe4 Bxe4 16. Ng5 Qb7 17. Rxe4 Rxe4 18. Nxe4 Qxe4 19. dxc5 Nxc5 20. Qxd6 Qd4 21. Qc6 Rd8 22. Re1 Bf6 23. Bg3 Kg7 24. b3 Qc3 25. f3 Qb2 26. Qc7 Qd4+ 27. Bf2 Qd2 28. Re2 Qc1 29. Re1 Qc3 30. Re3 Qa1 31. Re1 Qxa2 32. Bc4 Rd7 33. Qc8 Rd8 34. Qc7 Rf8 35. Re2 Qa1+ 36. Kh2 Bd4 37. Bxd4+ Qxd4 38. Qxa7 Qf4+ 39. g3 Qxf3 40. Qxb6 Ne4 41. Qe3 Qxe3 42. Rxe3 Nd2 43. Rc3 Nxc4 44. bxc4 1/2-1/2

[Event "Paracin-ch"]
[Site "Paracin"]
[Date "2013.01.13"]
[Round "5"]
[White "Stefanovic, Vladimir"]
[Black "Madic, Zivko"]
[Result "1-0"]
[WhiteElo "2160"]
[BlackElo "2088"]
[PlyCount "51"]
[EventDate "2013.01.11"]
[EventType "swiss"]
[EventRounds "9"]
[EventCountry "SRB"]
[SourceTitle "EXT 2019"]
[Source "ChessBase"]
[SourceDate "2018.10.10"]
[SourceVersion "1"]
[SourceVersionDate "2018.10.10"]
[SourceQuality "1"]

1. c4 Nf6 2. g3 g6 3. Bg2 Bg7 4. Nc3 0-0 5. Nf3 d6 6. 0-0 c5 7. d4 Nc6 8. d5 Na5 9. Nd2 a6 10. Qc2 Rb8 11. b3 b5 12. Bb2 bxc4 13. bxc4 e5 14. Ncb1 Bd7 15. Bc3 Ne8 16. Na3 f5 17. Rab1 Rxb1 18. Rxb1 e4 19. Bxg7 Nxg7 20. e3 g5 21. Qb2 f4 22. Qb6 f3 23. Bf1 Bc8 24. Qxd8 Rxd8 25. Rb8 Ne8 26. Bh3 1-0

[Event "Jagodina op 4th"]
[Site "Jagodina"]
[Date "2011.03.10"]
[Round "7"]
[White "Madic, Zivko"]
[Black "Stefanovic, Vladimir"]
[Result "0-1"]
[WhiteElo "2155"]
[BlackElo "2142"]
[PlyCount "100"]
[EventDate "2011.03.05"]
[EventType "swiss"]
[EventRounds "9"]
[EventCountry "SRB"]
[SourceTitle "CBM 141 Extra"]
[Source "ChessBase"]
[SourceDate "2011.05.03"]
[SourceVersion "1"]
[SourceVersionDate "2011.05.03"]
[SourceQuality "1"]

1. d4 Nf6 2. Nf3 g6 3. Bg5 Bg7 4. Nbd2 d6 5. e3 h6 6. Bh4 g5 7. Bg3 Nh5 8. Bd3 e6 9. c3 Qe7 10. Qe2 Nd7 11. 0-0-0 f5 12. Rhe1 0-0 13. Nf1 Ndf6 14. N3d2 Nxg3 15. hxg3 c5 16. dxc5 d5 17. f3 Qxc5 18. e4 dxe4 19. fxe4 Ng4 20. Bc4 Kh8 21. Nb3 Qf2 22. Rd2 Qxe2 23. Rexe2 Ne5 24. Rd4 fxe4 25. Ne3 Nd3+ 26. Rxd3 exd3 27. Bxd3 b6 28. Be4 Ba6 29. Re1 Rad8 30. g4 Be5 31. Bf3 Bf4 32. Nd4 Rd6 33. Kb1 Bd3+ 34. Ka1 Kg7 35. Nd1 e5 36. Nf5+ Bxf5 37. gxf5 Rxf5 38. c4 Rf8 39. Nc3 Rd4 40. Bd5 Bd2 41. Rh1 Bxc3 42. bxc3 Rd2 43. Bf3 Rf4 44. Re1 g4 45. Bd5 Rff2 46. a4 Ra2+ 47. Kb1 Rfb2+ 48. Kc1 Re2 49. Rxe2 Rxe2 50. a5 Kf6 0-1

[Event "Jagodina op 4th"]
[Site "Jagodina"]
[Date "2011.03.06"]
[Round "2"]
[White "Madic, Zivko"]
[Black "Antonijevic, Milutin"]
[Result "1-0"]
[WhiteElo "2155"]
[BlackElo "1832"]
[PlyCount "143"]
[EventDate "2011.03.05"]
[EventType "swiss"]
[EventRounds "9"]
[EventCountry "SRB"]
[SourceTitle "CBM 141 Extra"]
[Source "ChessBase"]
[SourceDate "2011.05.03"]
[SourceVersion "1"]
[SourceVersionDate "2011.05.03"]
[SourceQuality "1"]

1. d4 Nf6 2. Nf3 e6 3. Bg5 d5 4. e3 Nbd7 5. c4 Be7 6. Nc3 dxc4 7. Bxc4 Nb6 8. Bd3 0-0 9. 0-0 Bd7 10. Rc1 a6 11. Qe2 Rc8 12. Rfd1 Nfd5 13. Bxe7 Qxe7 14. Ne4 Nb4 15. Bb1 N4d5 16. Ne5 f6 17. Nxd7 Nxd7 18. Qh5 f5 19. Ng5 N5f6 20. Qh4 h6 21. Nf3 Nd5 22. Qg3 g5 23. e4 Nf4 24. Re1 Qg7 25. h4 Nh5 26. Qh2 g4 27. Ne5 Nxe5 28. Qxe5 Qxe5 29. dxe5 f4 30. Red1 Rfd8 31. a3 Kf8 32. Ba2 Rxd1+ 33. Rxd1 Ke7 34. Kf1 Ng7 35. Ke2 h5 36. g3 Rf8 37. b4 fxg3 38. fxg3 Rf3 39. Rd3 Rf8 40. Bc4 b5 41. Bb3 Ra8 42. Ke3 a5 43. Bd1 axb4 44. axb4 Rc8 45. Rc3 c6 46. Be2 Kd7 47. Ra3 Ne8 48. Kf4 Nc7 49. Rd3+ Ke7 50. Kg5 Na6 51. Rb3 Rh8 52. Ra3 Nc7 53. Ra7 Kd7 54. Bd1 c5 55. bxc5 Kc6 56. Bb3 b4 57. Ba4+ Nb5 58. Ra6+ Kxc5 59. Rxe6 Nd4 60. Rd6 b3 61. Rd5+ Kc4 62. Bxb3+ Nxb3 63. e6 Nc5 64. Kf5 Rf8+ 65. Ke5 Re8 66. Rd6 Nd3+ 67. Kf6 Nc5 68. e5 Ne4+ 69. Kf7 Nxd6+ 70. exd6 Rh8 71. d7 Kd5 72. e7 1-0

[Event "Jagodina op 3rd"]
[Site "Jagodina"]
[Date "2010.03.05"]
[Round "8"]
[White "Milenkovic, Miroslav"]
[Black "Madic, Zivko"]
[Result "1-0"]
[WhiteElo "2191"]
[BlackElo "2179"]
[PlyCount "65"]
[EventDate "2010.02.27"]
[EventType "swiss"]
[EventRounds "9"]
[EventCountry "SRB"]
[SourceTitle "EXT 2024"]
[Source "ChessBase"]
[SourceDate "2023.10.10"]
[SourceVersion "1"]
[SourceVersionDate "2023.10.10"]
[SourceQuality "1"]

1. Nf3 Nf6 2. g3 g6 3. b3 Bg7 4. Bb2 0-0 5. Bg2 d5 6. 0-0 c5 7. c4 Nc6 8. cxd5 Nxd5 9. Bxg7 Kxg7 10. Qc2 Qd6 11. Nc3 Nxc3 12. Qxc3+ f6 13. Rac1 b6 14. d4 Nxd4 15. Nxd4 cxd4 16. Qc7 Qxc7 17. Rxc7 Rb8 18. Rxe7+ Rf7 19. Rxf7+ Kxf7 20. Rc1 Ba6 21. Rc7+ Ke6 22. Bf3 Rc8 23. Rxa7 Rc1+ 24. Kg2 Bc8 25. Rxh7 Rc2 26. Ra7 Ke5 27. h4 f5 28. Ra4 Bd7 29. Rb4 Rxa2 30. Rxb6 Rb2 31. Rxg6 Rxb3 32. Ba8 Rb2 33. f4# 1-0